RYMS/
Guardat en:
| Autor corporatiu: | , |
|---|---|
| Format: | Revista |
| Idioma: | English |
| Publicat: |
Kyoto:
Kyoto University,
|
| Matèries: | |
| Etiquetes: |
Afegir etiqueta
Sense etiquetes, Sigues el primer a etiquetar aquest registre!
|
| Thư viện lưu trữ: | Thư viện Trường Đại học Đà Lạt |
|---|
| LEADER | 00708nam a2200289 4500 | ||
|---|---|---|---|
| 001 | DLU080063368 | ||
| 040 | # | # | |a DLU |b eng |
| 041 | # | # | |a eng |
| 245 | # | # | |a RYMS/ |c Kyoto University |
| 260 | # | # | |a Kyoto: |b Kyoto University, |
| 300 | # | # | |a tr.; |c 21cm |
| 310 | # | # | |a Monthly |
| 653 | # | # | |a Khoa học công nghệ |
| 653 | # | # | |a Khoa học kỹ thuật |
| 653 | # | # | |a Mathematic |
| 653 | # | # | |a Nông nghiệp |
| 653 | # | # | |a Trồng trọt |
| 710 | # | # | |a Kyoto University |
| 710 | # | # | |a Research Institute for Mathematical Sciences |
| 994 | # | # | |a DLU |
| 900 | # | # | |a True |
| 911 | # | # | |a Nguyễn Thị Minh Cầm |
| 925 | # | # | |a G |
| 926 | # | # | |a A |
| 927 | # | # | |a TT |
| 980 | # | # | |a Thư viện Trường Đại học Đà Lạt |